Normal view
MARC view
- الاسلحة الكيماوية-القانون الدولي
Entry Topical Term
001 - CONTROL NUMBER
- control field: 64462
003 - CONTROL NUMBER IDENTIFIER
- control field: JO-AjAnu
005 - DATE AND TIME OF LATEST TRANSACTION
- control field: 20230606084525.0
008 - FIXED-LENGTH DATA ELEMENTS
- fixed length control field: 230606|| aca||aabn | a|a d
040 ## - CATALOGING SOURCE
- Original cataloging agency: JO-AjAnu
- Transcribing agency: JO-AjAnu
150 ## - HEADING--TOPICAL TERM
- Topical term or geographic name entry element: الاسلحة الكيماوية-القانون الدولي
670 ## - SOURCE DATA FOUND
- Source citation: Work cat.: (JO-AjAnu)32946: احمد، فتحي مختار علي, author 64461, حظر امتلاك واستخدام الأسلحة الكيماوية في ضوء قواعد ومبادئ القانون